| Registos Bibliográficos associados ao registo de autoridade |
|
Etiqueta de registo: 00230nam 2200025 450 001 1946799 003 http://id.bnportugal.gov.pt/bib/catbnp/1946799 010 ## $a978-989-8822-01-7 021 ## $aPT$b410007/16 100 ## $a20161102d2016 e y0pory01030103ba 101 0# $apor 102 ## $aPT 105 ## $aa j 000yy 106 ## $ar 200 1# $aCiência e religião$eeducação moral e religiosa católica, ensino secundário$emanual do aluno$fcoord. geral Cristina Sá Carvalho$gautor António Rocha Martins 205 ## $a2ª ed 210 #9 $aLisboa$cFundação Secretariado Nacional da Educação Cristã,$d2016 215 ## $a63 p.$cil.$d30 cm 225 2# $aUnidade letiva$v7 606 ## $aCatolicismo$j[Manuais de ensino secundário]$2SIPOR$384067 675 ## $a272-47(075.3)$vBN$zpor$31419421 702 #1 $aCarvalho,$bCristina Sá,$f1963-$4340$31626322 702 #1 $aMartins,$bAntónio Rocha$4070$31626327 801 #0 $aPT$bBN$gRPC 856 41 $uhttp://rnod.bnportugal.gov.pt/ImagesBN/winlibimg.aspx?skey=&doc=1946799&img=85293&save=true 900 ## $aBIBNAC$d20161130 966 ## $lBN$mFGMON$sR. 29077 V.$x1 966 ## $lBN$mFGMON$sR. 29077 V.-D$x1
Etiqueta de registo: 00230nam 2200025 450 001 1914904 003 http://id.bnportugal.gov.pt/bib/catbnp/1914904 010 ## $a978-989-8822-01-7 021 ## $aPT$b392502/15 100 ## $a20151111d2015 e y0pory01030103ba 101 0# $apor 102 ## $aPT 105 ## $aa j 000yy 106 ## $ar 200 1# $aCiência e religião$eeducação moral e religiosa católica$eunidade letiva 7, ensino secundário$emanual do aluno$fcoord. geral Cristina Sá Carvalho$gautor António Rocha Martins 210 #9 $aLisboa$cFundação Secretariado Nacional da Educação Cristã,$d2015 215 ## $a63 p.$cil.$d30 cm 225 2# $aUnidade letiva$v7 320 ## $aBibliografia, p. 57-63 606 ## $aCatolicismo$j[Manuais de ensino secundário]$2SIPOR$384067 675 ## $a272-47(075.3)$vBN$zpor$31419421 702 #1 $aCarvalho,$bCristina Sá,$f1963-$4340$31626322 702 #1 $aMartins,$bAntónio Rocha$4070$31626327 801 #0 $aPT$bBN$gRPC 856 41 $uhttp://rnod.bnportugal.gov.pt/ImagesBN/winlibimg.aspx?skey=&doc=1914904&img=69352&save=true 900 ## $aBIBNAC$d20151209 966 ## $lBN$mFGMON$sR. 28488 V.$x1 966 ## $lBN$mFGMON$sR. 28488 V.-D$x1
Etiqueta de registo: 00230nam 2200025 450 001 2010502 003 http://id.bnportugal.gov.pt/bib/catbnp/2010502 010 ## $a978-989-8822-01-7 021 ## $aPT$b439927/18 100 ## $a20190108d2018 e y0pory01030103ba 101 0# $apor 102 ## $aPT 105 ## $aa j 000yy 106 ## $ar 200 1# $aCiência e religião$eeducação moral e religiosa católica, ensino secundário$emanual do aluno$fcoord. geral Cristina Sá Carvalho$gautor António Rocha Martins 205 ## $a3ª ed 210 #9 $aLisboa$cFundação Secretariado Nacional da Educação Cristã,$d2018 215 ## $a63 p.$cil.$d30 cm 225 2# $aUnidade letiva$v7 702 #1 $aCarvalho,$bCristina Sá,$f1963-$4340$31626322 702 #1 $aMartins,$bAntónio Rocha$4070$31626327 801 #0 $aPT$bBN$gRPC 856 41 $uhttp://rnod.bnportugal.gov.pt/ImagesBN/winlibimg.aspx?skey=&doc=2010502&img=119120&save=true 900 ## $aBIBNAC$d20190118 966 ## $lBN$mFGMON$sR. 30104 V.$x1 966 ## $lBN$mFGMON$sR. 30104 V.-D$x1
|
|
|